000 004450000a22001810004500
003 MACL
005 20150915115842.0
008 150915b xxu||||| |||| 00| 0 eng d
040 _aMACL
_cMACL
041 _aEnglish
082 _a823/NAR
100 _aNarayan, R K
_98534
245 _aSalt & Sawdust
_bStories And Table Talk
260 _bPenguin Books
_c1993
_aNew Delhi
350 _a125
650 _aFicition
_910976
942 _cBK
_k823
_2ddc
999 _c3311
_d3311